MDQL
is popping MORE tags! Check the
thread
!
Quizzes
Events
Quiz Creation
Community
Videos
Private Events
Remove Ads
Sign In
Join for FREE
Feedback
Dark Mode
Quiz Categories
Sports
Geography
Music
Movies
Television
Just For Fun
Miscellaneous
History
Literature
Language
Science
Gaming
Entertainment
Religion
Holiday
For Kids
Quiz Lab
Recent
Popular Today
Quiz Kudos Today
Editor Picks
Curator Picks
Quizzes by...
Day
Popularity
Type
Ratings
Length
Year
Community
Subscriptions
Recent Discussions
Orange Saloon
Badges
Playlists
Quests
Create
Leaderboards
Showdown
Live 5
Trivia Bingo
Activity
Puzzle Library
Sporcle Events
Private Events
Virtual Trivia
Globe League
Become a Host
Pub Owners
SporcleCon
Opinionation
Our Games
Videos
Blog
Mobile Apps
Partnerships
Remove Ads and Go Orange
Feedback
Sports
Athletes
MLB
NBA
NHL
NFL
Soccer
Sports Teams
WWE
NCAA
Football
Premier League
Basketball
Baseball
Hockey
Golf
Tennis
Cricket
Rugby
Auto Racing
Olympics
World Cup
Sports
Athletes
MLB
NBA
NHL
NFL
Soccer
Sports Teams
WWE
NCAA
Football
Premier League
Basketball
Baseball
Hockey
Golf
Tennis
Cricket
Rugby
Auto Racing
Olympics
World Cup
Random Quiz
Search Sporcle
×
Quiz Lab
Quiz Lab
Sports
Philadelphia
Type in answers that appear in a list
Type in answers that appear in a list
Classic
Best Score? Go Orange.
Philadelphia Flyers 2013-2014 Stats
Can you name the Philadelphia Flyers 2013-2014
By
reecerocks12
10m
30 Questions
33 Plays
33 Plays
33 Plays
Comments
Comments
Give Quiz Kudos
Give Quiz Kudos
-
- Ratings
hide this ad
Random Order
Randomize order of answers
Randomize order of answers
Replay
Link that replays current quiz
Next Quiz
Link to next quiz in quiz playlist
You Got
0%
They Got
Avg Score
67%
Avg Friend Score
Upgrade to see
Score Distribution
Jump to the score distribution portion of the page
Score
0/30
Timer
10:00
0
Plays Today
position
Answer
% Correct
F
Claude Giroux
97%
F
Jakub Voracek
93.9%
F
Brayden Schenn
93.9%
D
Luke Schenn
93.9%
G
Steve Mason
93.9%
F
Sean Couturier
90.9%
D
Kimmo Timonen
87.9%
D
Braydon Coburn
87.9%
G
Ray Emery
87.9%
F
Wayne Simmonds
84.8%
F
Scott Hartnell
81.8%
D
Mark Streit
81.8%
F
Matt Read
81.8%
F
Zac Rinaldo
72.7%
F
Vincent Lecavalier
69.7%
position
Answer
% Correct
F
Michael Raffl
69.7%
D
Andrew Macdonald
66.7%
D
Nicklas Grossmann
63.6%
D
Erik Gustafsson
60.6%
F
Jason Akeson
60.6%
D
Hal Gill
51.5%
D
Andrej Meszaros
48.5%
F
Steve Downie
42.4%
F
Maxime Talbot
42.4%
F
Jay Rosehill
42.4%
F
Chris Vandevelde
39.4%
G
Calvin Heeter
39.4%
F
Adam Hall
33.3%
F
Tye Mcginn
30.3%
F
Kris Newbury
24.2%
Quiz Playlist
Details
Report
Send in Message
Add To Playlist
Classic:
Type in answers that appear in a list
Random Order:
Randomize order of answers
Last Updated: Feb 16, 2017
Quiz Scoreboard
CHALLENGE
Sign Up to Join the Scoreboard
Show All
Scores
Hide
Comments
May contain spoilers
Recently Published
Find the 'City' Movie
by crazypaving
Movies
60s
5x2 Blitz: Bands
by SL_Kpop136
Music
30s
Colored Red Africa Blitz
by spor1
Geography
30s
More to Explore
Quiz From the Vault
Featured Blog Post
14 Easter Pick-up Lines to Find Eggs With
hide this ad
You Might Also Like...
Tags
2013-2014
Philadelphia
Philadelphia Flyers
Today's Top Quizzes in Sports
Browse Sports
hide this ad
Today's Top Quizzes in Philadelphia
Browse Philadelphia
Top Contributed Quizzes in Sports
1
Les entraîneurs de l'OM et du PSG au 21e siècle
2
Les meilleurs buteurs des matchs entre le PSG et l’OM
3
Players with Multiple 50 Home Run Seasons
4
2022 World Cup Stars
5
Les joueurs passés par le PSG et l'OM
6
NBA Logic Puzzle 2.0
7
Criteria MLB: Left Handed Sluggers
8
MLB Players with Two .350 Batting Average Seasons
9
Top 10 NHL Goal Scorers of All Time
10
Who Hit More Homers?
Explore More
Trending Topics
Kpop
Anime
Harry Potter
Disney
Marvel
Crossword
NBA
The Office
Puzzle
Pokémon
NFL
Song
WWE
Soccer
Country
hide this ad
More By:
reecerocks12
Quiz
Plays
Rating
Category
Featured
Created
Top 300 NBA Scorers 2017-2018
2,073
3.00
Sports
Feb 4, 2018
Top 50 NFL Players 2015-2016
1,943
1.69
Sports
Feb 11, 2016
Top 100 Current NHL PLayers
541
1.00
Sports
Aug 24, 2014
Top 300 NBA Points Per Game 2018-2019
276
1.00
Sports
Jul 2, 2019
Top 300 NHL Goal Scorers 2018-2019
251
2.33
Sports
Jul 4, 2019
Go to Creator's Profile
Score Distribution
Quiz Creator Spotlight
reecerocks12
Follow
Send a Message
Quizzes Created
-
Created Quiz Play Count
-
More By This Creator
Popular Quizzes Today
1
Colored Red Africa Blitz
2
Find the 'City' Movie
3
Find the US States - No Outlines Minefield
4
5x2 Blitz: Bands
5
The Countries of the World
6
Find the US States
7
Find the Countries of Europe - No Outlines Minefield
8
US States
More Sports Quizzes
Heisman Winners (2010s)
Editor's Pick
Trending Quizzes
Colored Red Europe Blitz I
Colored Red Europe Blitz II
Colored Red Africa Blitz II
Colored Red Europe Blitz III
Colored Red Africa Blitz III
Recently Updated
How Do You Spell That?
pecheneg
Godzilla Movies
pecheneg
Grab Bag: 4-10 Letters
pecheneg
2024 March Madness Bracket
pecheneg
Famous TV Couples
Peacemaker
Champions League XIs: Real Madrid
pecheneg
Largest US Cities 1790-2010
pecheneg
Rides in Walt Disney World
pecheneg
Most Oscar Losses (Acting)
pecheneg
Beyoncé Albums
pecheneg
Trending Topics
Kpop
Marvel
Disney
NBA
Crossword
Anime
Harry Potter
Pokémon
Puzzle
Song
Country
Soccer
The Office
NFL
WWE
Your Account Isn't Verified!
In order to create a playlist on Sporcle, you need to verify the email address you used during registration. Go to your
Sporcle Settings
to finish the process.
Report this User
Report this user for behavior that violates our
Community Guidelines
.
Details:
Send Report
Go to the Sporcle.com Mobile Site →
Comments